Statystyki dla Wspólnoty Hiszpanii

Kliknij tutaj aby rozwiązać quiz!

Ogólne statystyki

  • Ten quiz został rozwiązany 655 razy
  • Średni wynik to 10 z 17

Odpowiedzi na mapie

Odpowiedzi skodowane kolorowo w zielono-czerwonej skali na mapie do tego quizu, zgodnie z poniższymi procentami.
 

Statystyki odpowiedzi

Wspólnoty% Poprawnych
Katalonia
94%
Madryt
90%
Galicja
77%
Kraj Basków
76%
Andaluzja
73%
Walencja
71%
Wyspy Kanaryjskie
71%
Aragonia
63%
Murcja
55%
Kastylia i León
50%
Asturia
47%
Kastylia-La Mancha
46%
Nawarra
45%
La Rioja
38%
Kantabria
31%
Estremadura
26%
Beleary
19%

Rozkład punktacji

Percentyl według liczby udzielonych odpowiedzi

Procent ludzi z każdym wynikiem

Twoja historia wyników

Nie rozwiązałeś tego quizu